[Event "X Festival Magistrale"]
[Site "Robecchetto con Induno ITA"]
[Date "1997.06.29"]
[Round "5"]
[White "Berra, Davide"]
[Black "Ranieri, Fabrizio"]
[Result "1/2-1/2"]
[WhiteElo "1986"]
[BlackElo "2125"]
[PlyCount "61"]
[EventDate "1997.06.26"]

1. d4 d5 2. Nf3 e6 3. Bg5 Nf6 4. Nbd2 Be7 5. e3 Nbd7 6. Bd3 O-O 7. Ne5 Nxe5 8.
dxe5 Nd7 9. Bf4 Nc5 10. Nf3 Nxd3+ 11. Qxd3 c5 12. h4 c4 13. Qe2 b5 14. Nd4 Bd7
15. a3 Qa5+ 16. Qd2 c3 17. Qxc3 Qxc3+ 18. bxc3 Rfc8 19. Kd2 Rc4 20. Rhb1 Rac8
21. Rb3 Bxh4 22. f3 Bd8 23. Nxb5 Bxb5 24. Rxb5 Rxc3 25. Ra2 g5 26. Bh2 Bb6 27.
Bg1 Kg7 28. a4 Kg6 29. a5 Bd8 30. a6 R3c7 31. g4 1/2-1/2

[Event "X Festival Magistrale"]
[Site "Robecchetto con Induno ITA"]
[Date "1997.06.29"]
[Round "5"]
[White "Castaldo, Folco"]
[Black "Fadali, Mustafa"]
[Result "1/2-1/2"]
[WhiteElo "1987"]
[BlackElo "1918"]
[PlyCount "113"]
[EventDate "1997.06.26"]

1. e4 c5 2. c3 e6 3. d4 Qc7 4. Nf3 b6 5. Bd3 Bb7 6. O-O d6 7. Qe2 Nd7 8. Nbd2
Ne7 9. a4 Ng6 10. Nc4 Be7 11. Re1 O-O 12. g3 d5 13. Ncd2 e5 14. exd5 cxd4 15.
cxd4 Bxd5 16. dxe5 Bb4 17. Be4 Bxe4 18. Qxe4 a5 19. Re2 Nc5 20. Qc2 Qb7 21. Ne4
Ne6 22. Bd2 Be7 23. Qb3 h6 24. Rae1 Rad8 25. h4 Qa6 26. h5 Rd3 27. Qb5 Qxb5 28.
axb5 Rxf3 29. hxg6 Nd4 30. Re3 fxg6 31. Rd1 Nxb5 32. Rxf3 Rxf3 33. Be3 Rf5 34.
f4 g5 35. Rd5 Na7 36. Rd7 Nc6 37. Rc7 gxf4 38. gxf4 Nxe5 39. Rxe7 Nc4 40. Ng3
Rd5 41. b3 Nxe3 42. Rxe3 Rd4 43. f5 Kf7 44. Ne4 b5 45. Kf2 a4 46. bxa4 bxa4 47.
Kf3 g6 48. f6 Rb4 49. Ra3 Rb3+ 50. Rxb3 axb3 51. Nd2 b2 52. Ke3 Kxf6 53. Kd3
Kf5 54. Kc2 b1=Q+ 55. Kxb1 Kg4 56. Kc1 Kg3 57. Kd1 1/2-1/2

[Event "X Festival Magistrale"]
[Site "Robecchetto con Induno ITA"]
[Date "1997.06.29"]
[Round "5"]
[White "Griffa, Roberto"]
[Black "Pace, Roberto"]
[Result "1/2-1/2"]
[WhiteElo "1917"]
[BlackElo "1887"]
[PlyCount "131"]
[EventDate "1997.06.26"]

1. d4 Nf6 2. Nf3 e6 3. Bg5 Be7 4. Nbd2 d6 5. c3 Nbd7 6. e4 O-O 7. Bd3 e5 8. O-O
c6 9. Re1 Re8 10. Qc2 Qc7 11. Rad1 Nf8 12. dxe5 dxe5 13. Nc4 Ng6 14. Bxf6 Bxf6
15. Ne3 Nf4 16. Bf1 Be6 17. g3 Ng6 18. Rd2 Rad8 19. b4 Rxd2 20. Qxd2 Rd8 21.
Qc2 Rd7 22. Bc4 Bh3 23. Bf1 Be6 24. h4 Rd8 25. Bc4 Bc8 26. a4 Be7 27. Qa2 Bf6
28. Nh2 Nf8 29. Nhg4 Qe7 30. a5 Rd7 31. Nf5 Qd8 32. Nge3 Qc7 33. h5 Bg5 34. Nf1
g6 35. hxg6 hxg6 36. N5e3 Rd8 37. Qe2 Qe7 38. Rd1 Nh7 39. Rxd8+ Qxd8 40. Ng4
Qe7 41. Nfe3 Nf6 42. Nxf6+ Bxf6 43. Qd1 Kg7 44. Be2 Bg5 45. Bg4 Bxg4 46. Nxg4
f5 47. exf5 gxf5 48. Ne3 Bxe3 49. fxe3 Kg6 50. Kf2 Kg5 51. Qh1 Qd7 52. Ke2 e4
53. Qh8 Qd3+ 54. Kf2 Qd2+ 55. Kf1 Qd1+ 56. Kg2 Qf3+ 57. Kh2 Qf2+ 58. Kh3 Qf1+
59. Kh2 Qe2+ 60. Kh3 Qh5+ 61. Qxh5+ Kxh5 62. Kh2 b6 63. axb6 axb6 64. c4 Kg4
65. Kg2 Kg5 66. Kh3 1/2-1/2

[Event "X Festival Magistrale"]
[Site "Robecchetto con Induno ITA"]
[Date "1997.06.29"]
[Round "5"]
[White "Scotti, Umberto"]
[Black "Orsi, Massimiliano"]
[Result "1-0"]
[WhiteElo "2130"]
[BlackElo "1948"]
[PlyCount "93"]
[EventDate "1997.06.26"]

1. e4 e5 2. Bc4 Nc6 3. Nf3 Bc5 4. c3 Nf6 5. d3 d6 6. O-O O-O 7. Nbd2 Qe7 8. b4
Bb6 9. Bb3 Bg4 10. Nc4 Nd8 11. Ne3 Be6 12. Bd2 c6 13. Re1 Ng4 14. h3 Nxe3 15.
Bxe3 Bxe3 16. Rxe3 Bxb3 17. Qxb3 Qe6 18. Qc2 Re8 19. Rd1 a5 20. d4 Qc4 21. dxe5
dxe5 22. a3 axb4 23. axb4 Ra2 24. Qd3 Qxd3 25. Rexd3 Ne6 26. Nxe5 f6 27. Nc4
Nf4 28. Rd8 Ne2+ 29. Kh2 Rxd8 30. Rxd8+ Kf7 31. Rd7+ Kg6 32. Ne3 Nxc3 33. f3
Kg5 34. Rxg7+ Kf4 35. Nc4 h5 36. Rg6 f5 37. Rf6 Nxe4 38. fxe4 Kxe4 39. Rf7 Kd4
40. Na5 Kc3 41. Rxb7 c5 42. Nc6 Rb2 43. Rb5 cxb4 44. Rxb4 Rxb4 45. Nxb4 Kxb4
46. Kg3 Kc4 47. Kf4 1-0

[Event "X Festival Magistrale"]
[Site "Robecchetto con Induno ITA"]
[Date "1997.06.29"]
[Round "5"]
[White "Sgnaolin, Davide"]
[Black "Jurkovic, Ante"]
[Result "0-1"]
[WhiteElo "2065"]
[BlackElo "2320"]
[PlyCount "104"]
[EventDate "1997.06.26"]

1. e4 e6 2. d4 d5 3. Nc3 Nf6 4. Bg5 Be7 5. e5 Nfd7 6. h4 Bxg5 7. hxg5 Qxg5 8.
Nh3 Qe7 9. Nf4 Nc6 10. Qg4 g6 11. O-O-O h5 12. Qf3 Nb6 13. g3 Bd7 14. Rh4 O-O-O
15. Nh3 Rdg8 16. Bb5 Nd8 17. Qe2 Bxb5 18. Nxb5 g5 19. Rxh5 Rxh5 20. Qxh5 Qb4
21. Qe2 a6 22. Na3 Na4 23. c3 Nxc3 24. bxc3 Qxa3+ 25. Qb2 Qe7 26. Ng1 Nc6 27.
Nf3 f5 28. Rh1 b6 29. Nd2 Na5 30. a3 Qd7 31. Qb4 Re8 32. f3 Qc6 33. Qb2 Nc4 34.
Qb3 a5 35. Rh5 g4 36. f4 Kb7 37. a4 Re7 38. Rh8 Ka6 39. Nxc4 dxc4 40. Qa3 Rf7
41. Qa2 Ka7 42. Kb2 Rd7 43. Ka3 Qd5 44. Qe2 c5 45. dxc5 Qxc5+ 46. Kb2 Qc6 47.
Ka3 Rd3 48. Qh2 Rxc3+ 49. Kb2 Rb3+ 50. Kc1 Qe4 51. Qh7+ Ka6 52. Qd7 Qb1+ 0-1

[Event "X Festival Magistrale"]
[Site "Robecchetto con Induno ITA"]
[Date "1997.06.29"]
[Round "6"]
[White "Barlocco, Carlo"]
[Black "Nurkic, Sahbaz"]
[Result "0-1"]
[WhiteElo "2150"]
[BlackElo "2395"]
[PlyCount "134"]
[EventDate "1997.06.26"]

1. d4 Nf6 2. Nf3 c5 3. c3 b6 4. g3 Bb7 5. Bg2 e6 6. O-O Be7 7. Bf4 O-O 8. Nbd2
Nd5 9. Bxb8 Rxb8 10. e4 Nc7 11. Re1 cxd4 12. Nxd4 d6 13. Qa4 a6 14. Nc6 Qd7 15.
Nxe7+ Qxe7 16. Qb4 Rfd8 17. Rad1 a5 18. Qb3 b5 19. Qa3 Ra8 20. e5 Bxg2 21. Kxg2
Nd5 22. exd6 Qxd6 23. Qxd6 Rxd6 24. Ne4 Rc6 25. Rd4 Rb8 26. Red1 g6 27. Nd2 Kg7
28. Kf3 f5 29. Nf1 Kf6 30. Ne3 Nb6 31. Rd8 Rb7 32. R1d4 Nc4 33. Nd1 b4 34. cxb4
Rxb4 35. b3 Ne5+ 36. Ke2 Rc2+ 37. Rd2 Re4+ 38. Ne3 Rc3 39. R8d4 Rxd4 40. Rxd4
Nc6 41. Rc4 Rxc4 42. Nxc4 e5 43. Kd2 Ke6 44. Kc3 Kd5 45. a3 g5 46. b4 axb4+ 47.
axb4 Nd4 48. Ne3+ Ke4 49. g4 f4 50. Nc4 Nb5+ 51. Kb3 Kd4 52. f3 e4 53. fxe4
Kxe4 54. Kc2 Kd4 55. Nd2 Ke3 56. Kd1 f3 57. Nf1+ Kf2 58. Ng3 Kg2 59. Ke1 f2+
60. Ke2 Nc3+ 61. Kd3 Kxh2 62. Nf1+ Kg1 63. Ne3 Nd5 64. Nxd5 f1=Q+ 65. Kd4 Qd1+
66. Kc5 Qxg4 67. b5 Qc8+ 0-1

[Event "X Festival Magistrale"]
[Site "Robecchetto con Induno ITA"]
[Date "1997.06.29"]
[Round "6"]
[White "Fadali, Mustafa"]
[Black "Berra, Davide"]
[Result "0-1"]
[WhiteElo "1918"]
[BlackElo "1986"]
[PlyCount "44"]
[EventDate "1997.06.26"]

1. Nf3 e6 2. d4 d5 3. c4 c6 4. Nc3 f5 5. g4 fxg4 6. Ne5 Bd6 7. Nxg4 Qh4 8. e4
e5 9. Nxe5 dxe4 10. Qc2 Nf6 11. Be3 Nbd7 12. Bg2 Bxe5 13. dxe5 Nxe5 14. O-O-O
Bf5 15. Rd4 c5 16. Rxe4 Nxe4 17. Nxe4 Bxe4 18. Qxe4 Qxe4 19. Bxe4 O-O-O 20.
Bf5+ Kc7 21. Bf4 Rde8 22. Re1 Kd6 0-1

[Event "X Festival Magistrale"]
[Site "Robecchetto con Induno ITA"]
[Date "1997.06.29"]
[Round "6"]
[White "Griffa, Roberto"]
[Black "Colombo, Alberto"]
[Result "1/2-1/2"]
[WhiteElo "1917"]
[BlackElo "2100"]
[PlyCount "114"]
[EventDate "1997.06.26"]

1. d4 Nf6 2. Nf3 d5 3. Bf4 e6 4. e3 Bd6 5. Bg3 Ne4 6. Bd3 c5 7. Bxd6 Qxd6 8.
Bxe4 dxe4 9. Nfd2 cxd4 10. Nxe4 Qb4+ 11. c3 Qxb2 12. Nd6+ Ke7 13. Nd2 dxe3 14.
fxe3 Qxc3 15. O-O Qxe3+ 16. Kh1 f6 17. Qh5 Qxd2 18. Qf7+ Kxd6 19. Rfd1 Qxd1+
20. Rxd1+ Kc6 21. Rc1+ Kb6 22. Qc7+ Ka6 23. Rc3 Nc6 24. Rxc6+ bxc6 25. Qxc6+
Ka5 26. Qxa8 Kb6 27. Qb8+ Kc6 28. Qxa7 Rd8 29. h3 Bb7 30. Qe3 e5 31. Qe4+ Kb6
32. Qxh7 Rd7 33. Qg8 Bd5 34. Qb8+ Bb7 35. Qf8 Bc6 36. Qb4+ Kc7 37. Qc5 Rd5 38.
Qa7+ Bb7 39. a4 g5 40. Qf2 Rd6 41. Qc5+ Rc6 42. Qe7+ Kb8 43. a5 Ka7 44. Qd8 Ka6
45. Kh2 Ka7 46. Kg3 Re6 47. Kf2 Rc6 48. g3 Rc2+ 49. Ke3 Rc3+ 50. Kd2 Rxg3 51.
Qb6+ Ka8 52. Qxf6 Rg2+ 53. Kc3 Rg3+ 54. Kc4 Rxh3 55. Qxg5 Rh8 56. Qxe5 Rc8+ 57.
Kb5 Rc6 1/2-1/2

[Event "X Festival Magistrale"]
[Site "Robecchetto con Induno ITA"]
[Date "1997.06.29"]
[Round "6"]
[White "Jurkovic, Ante"]
[Black "Qendro, Llambi"]
[Result "1/2-1/2"]
[WhiteElo "2320"]
[BlackElo "2335"]
[PlyCount "22"]
[EventDate "1997.06.26"]

1. e4 c6 2. d4 d5 3. Nd2 dxe4 4. Nxe4 Nd7 5. Ng5 Ngf6 6. Bd3 e6 7. N1f3 h6 8.
Ne4 Nxe4 9. Bxe4 Nf6 10. Bd3 Be7 11. Qe2 O-O 1/2-1/2

[Event "X Festival Magistrale"]
[Site "Robecchetto con Induno ITA"]
[Date "1997.06.29"]
[Round "6"]
[White "Orsi, Massimiliano"]
[Black "Pace, Roberto"]
[Result "0-1"]
[WhiteElo "1948"]
[BlackElo "1887"]
[PlyCount "70"]
[EventDate "1997.06.26"]

1. e4 e5 2. f4 d6 3. Nf3 Nc6 4. Bb5 Bd7 5. O-O exf4 6. d4 g5 7. c3 Qf6 8. e5
dxe5 9. Nbd2 Be7 10. Ne4 Qg7 11. d5 Nb8 12. Bxd7+ Nxd7 13. d6 f5 14. Nfxg5 Bxg5
15. Qh5+ Qg6 16. Qxg6+ hxg6 17. Nxg5 cxd6 18. Bxf4 exf4 19. Rae1+ Ne5 20. Ne6
Kf7 21. Nxf4 Nf6 22. Rd1 Rad8 23. Rfe1 g5 24. Nh3 Kg6 25. Rf1 Nfg4 26. Rd4 Ne3
27. Rf2 Rh7 28. Rfd2 d5 29. Nf2 Rdh8 30. h3 f4 31. b3 b5 32. a4 a6 33. a5 Rc7
34. Nd3 Nxd3 35. R4xd3 Rhc8 0-1

[Event "X Festival Magistrale"]
[Site "Robecchetto con Induno ITA"]
[Date "1997.06.29"]
[Round "6"]
[White "Sgnaolin, Davide"]
[Black "Castaldo, Folco"]
[Result "1/2-1/2"]
[WhiteElo "2065"]
[BlackElo "1987"]
[PlyCount "22"]
[EventDate "1997.06.26"]

1. e4 g6 2. d4 Bg7 3. Nf3 c6 4. c3 Nf6 5. Bd3 d6 6. O-O O-O 7. Bf4 Qc7 8. h3
Nh5 9. Bh2 e5 10. Nbd2 Nd7 11. Qe2 b6 1/2-1/2

[Event "X Festival 2N"]
[Site "Robecchetto con Induno ITA"]
[Date "1997.06.27"]
[Round "2"]
[White "Mieli, Marcello"]
[Black "Riboldi, Raffaele"]
[Result "0-1"]
[WhiteElo "1585"]
[BlackElo "1648"]
[PlyCount "50"]
[EventDate "1997.06.26"]

1. Nf3 d5 2. g3 c5 3. Bg2 Nc6 4. d3 e5 5. O-O Nge7 6. Nbd2 Ng6 7. Re1 Be7 8. e4
d4 9. Qe2 h5 10. h4 Bg4 11. Qf1 Qd7 12. a3 O-O-O 13. Kh2 Rdg8 14. Bh3 Nf8 15.
Nb3 f6 16. Qg2 Ne6 17. Rg1 g5 18. Ne1 gxh4 19. gxh4 Nf4 20. Bxf4 exf4 21. Qf1
f3 22. Nxf3 Bd6+ 23. e5 fxe5 24. Ng5 e4+ 25. Kh1 Rxg5 0-1

[Event "I Torneo Scheveningen"]
[Site "Vanzaghello ITA"]
[Date "1997.06.??"]
[Round "1"]
[White "Barlocco, Carlo"]
[Black "Nicolo', Filippo"]
[Result "1-0"]
[WhiteElo "2150"]
[BlackElo "1830"]
[PlyCount "156"]
[EventDate "1997.06.06"]

1. b3 d5 2. Bb2 c5 3. Nf3 Nc6 4. e3 Bg4 5. h3 Bh5 6. Bb5 e6 7. d4 Nf6 8. c4
cxd4 9. Qxd4 Bxf3 10. gxf3 Be7 11. cxd5 Qxd5 12. Qxd5 exd5 13. Nc3 O-O 14.
O-O-O Rfd8 15. Ne2 a6 16. Bxc6 bxc6 17. Nd4 Rac8 18. Nf5 Kf8 19. Rhg1 g6 20.
Nxe7 Kxe7 21. Rd4 c5 22. Rh4 h5 23. Ra4 Rc6 24. Rd1 Ke6 25. Kd2 Nd7 26. Ke2 Rb8
27. e4 d4 28. Rc1 Kd6 29. Ba3 Rb5 30. Rxd4+ Kc7 31. Rd2 Rd6 32. Rxd6 Kxd6 33.
Bb2 Rb4 34. Ke3 a5 35. Kd3 Rb5 36. Kc2 Ke6 37. Rd1 Rb6 38. a4 f6 39. Bc3 Ra6
40. f4 f5 41. f3 Nf6 42. Bxf6 Kxf6 43. Rd5 fxe4 44. fxe4 Rc6 45. Kd3 Rb6 46.
Rxc5 Rxb3+ 47. Kd4 Rxh3 48. Rxa5 Ra3 49. Ra6+ Kg7 50. Ke5 h4 51. Ra7+ Kh6 52.
Kf6 h3 53. Ra8 Kh7 54. Rb8 h2 55. Rb1 Rxa4 56. Rh1 Ra6+ 57. Kg5 Kg7 58. Rxh2
Ra4 59. e5 Ra1 60. Rg2 Re1 61. Kg4 Re3 62. Ra2 Re1 63. Ra7+ Kh6 64. Re7 Re3 65.
Rd7 Re4 66. Kf3 Re1 67. Re7 Rf1+ 68. Ke4 Kh5 69. Rg7 Re1+ 70. Kd5 Rd1+ 71. Kc6
Rd4 72. Rf7 Ra4 73. e6 Ra6+ 74. Kd7 Ra7+ 75. Ke8 Ra8+ 76. Ke7 g5 77. Rf5 Kh6
78. Rxg5 Ra4 1-0

[Event "I Torneo Scheveningen"]
[Site "Vanzaghello ITA"]
[Date "1997.06.??"]
[Round "1"]
[White "Dorighet, Claudio"]
[Black "Pace, Roberto"]
[Result "1/2-1/2"]
[WhiteElo "2090"]
[BlackElo "1887"]
[PlyCount "53"]
[EventDate "1997.06.06"]

1. c4 Nf6 2. Nc3 e6 3. e4 d6 4. g3 Be7 5. Bg2 O-O 6. Nge2 e5 7. O-O c6 8. d4
Qc7 9. h3 Be6 10. d5 Bd7 11. Be3 Na6 12. Rb1 c5 13. a3 Qc8 14. Kh2 Nc7 15. b4
b6 16. bxc5 bxc5 17. Nb5 Nfe8 18. Nec3 Bd8 19. Qe2 Nxb5 20. cxb5 f5 21. exf5
Bxf5 22. Be4 Nf6 23. Bxf5 Qxf5 24. Rbc1 Ba5 25. Rfd1 Rae8 26. Kg2 Re7 27. Nb1
1/2-1/2

[Event "I Torneo Scheveningen"]
[Site "Vanzaghello ITA"]
[Date "1997.06.??"]
[Round "1"]
[White "Lanzani, Mario"]
[Black "Lanzani, Giuliano"]
[Result "1/2-1/2"]
[WhiteElo "2370"]
[BlackElo "1746"]
[PlyCount "50"]
[EventDate "1997.06.06"]

1. e4 e5 2. Nf3 Nc6 3. d4 exd4 4. Nxd4 Bc5 5. Be3 Qf6 6. c3 Nge7 7. Bc4 Ne5 8.
Be2 Qg6 9. O-O d6 10. f3 O-O 11. Nd2 d5 12. Kh1 dxe4 13. fxe4 Bg4 14. Bf4 Bxe2
15. Qxe2 Bd6 16. Nb5 N7c6 17. Nb3 Rfe8 18. Nxd6 Qxd6 19. Rad1 Qe7 20. Nd4 a6
21. Bg3 Rad8 22. Nf5 Qe6 23. b3 f6 24. Nd4 Qe7 25. Nf5 Qe6 1/2-1/2

[Event "I Torneo Scheveningen"]
[Site "Vanzaghello ITA"]
[Date "1997.06.??"]
[Round "1"]
[White "Sgnaolin, Davide"]
[Black "Ottolini, Graziano"]
[Result "1-0"]
[WhiteElo "2065"]
[BlackElo "1767"]
[PlyCount "77"]
[EventDate "1997.06.06"]

1. e4 Nf6 2. Nc3 d6 3. d4 g6 4. Nf3 Bg7 5. Be2 O-O 6. O-O c6 7. a4 a5 8. h3 b6
9. Be3 Ba6 10. Nd2 Bxe2 11. Qxe2 Nbd7 12. f4 Qc7 13. Qf3 Rfb8 14. e5 Ne8 15.
Nde4 d5 16. Ng5 e6 17. f5 exf5 18. g4 h6 19. Nxf7 Kxf7 20. gxf5 gxf5 21. Qxf5+
Ndf6 22. Bf4 Qc8 23. Qd3 Ne4 24. Nxe4 dxe4 25. Qxe4 Kg8 26. Ra3 Qe6 27. Rg3 Rd8
28. c3 Rac8 29. Rg6 Qxh3 30. Rf3 Qh4 31. Qf5 Kh8 32. Rh3 Qe1+ 33. Kh2 Rc7 34.
Bxh6 Kg8 35. Rg1 Qe2+ 36. Rg2 Qd1 37. Qe6+ Rf7 38. Bxg7 Nxg7 39. Rxg7+ 1-0

[Event "I Torneo Scheveningen"]
[Site "Vanzaghello ITA"]
[Date "1997.06.??"]
[Round "2"]
[White "Lanzani, Giuliano"]
[Black "Sgnaolin, Davide"]
[Result "0-1"]
[WhiteElo "1746"]
[BlackElo "2065"]
[PlyCount "102"]
[EventDate "1997.06.06"]

1. e4 c5 2. Nf3 Nc6 3. d4 cxd4 4. Nxd4 g6 5. Nc3 Bg7 6. Be3 Nf6 7. Bd3 O-O 8.
O-O d5 9. exd5 Nxd5 10. Nxd5 Qxd5 11. Nxc6 Qxc6 12. c3 e5 13. Qe2 Be6 14. Rfd1
Rfd8 15. Bb5 Qc7 16. Rxd8+ Rxd8 17. Ba4 Bc4 18. Qf3 Qa5 19. Bc2 Qb5 20. b3 Bd3
21. Bxd3 Qxd3 22. Bg5 e4 23. Qxd3 Rxd3 24. g3 Bxc3 25. Rc1 f5 26. Be3 a6 27.
Bb6 Kf7 28. Rc2 Ke6 29. Kf1 g5 30. Bd8 h6 31. h4 f4 32. hxg5 hxg5 33. Bxg5 fxg3
34. fxg3 Rxg3 35. Bd2 Bxd2 36. Rxd2 Ke5 37. Rd7 b5 38. Re7+ Kd4 39. Re6 Ke3 40.
Rxa6 Kd2 41. Rd6+ Rd3 42. Re6 Rd4 43. a3 e3 44. a4 Rf4+ 45. Kg2 bxa4 46. bxa4
e2 47. Rd6+ Ke1 48. a5 Rg4+ 49. Kf3 Ra4 50. Rb6 Kf1 51. Rh6 Ra3+ 0-1

[Event "I Torneo Scheveningen"]
[Site "Vanzaghello ITA"]
[Date "1997.06.??"]
[Round "2"]
[White "Nicolo', Filippo"]
[Black "Lanzani, Mario"]
[Result "1/2-1/2"]
[WhiteElo "1830"]
[BlackElo "2370"]
[PlyCount "57"]
[EventDate "1997.06.06"]

1. e4 g6 2. d4 Bg7 3. Nc3 d6 4. f4 Nc6 5. Nf3 Bg4 6. Be3 Bxf3 7. gxf3 e6 8. Qd2
d5 9. O-O-O Nf6 10. f5 exf5 11. exf5 Ne7 12. fxg6 hxg6 13. Bg5 Qd7 14. Qf4 Nh5
15. Qh4 f6 16. Bh3 Nf5 17. Qe1+ Kf7 18. Bd2 Nf4 19. Bg4 Bh6 20. h4 Nh5 21. Ne2
Rae8 22. Qf2 Rxe2 23. Qxe2 Nhg3 24. Qd3 Bxd2+ 25. Qxd2 Nxh1 26. Rxh1 Qd6 27. h5
Nh6 28. hxg6+ Kg7 29. Re1 1/2-1/2

[Event "I Torneo Scheveningen"]
[Site "Vanzaghello ITA"]
[Date "1997.06.??"]
[Round "2"]
[White "Ottolini, Graziano"]
[Black "Dorighet, Claudio"]
[Result "1-0"]
[WhiteElo "1767"]
[BlackElo "2090"]
[PlyCount "61"]
[EventDate "1997.06.06"]

1. Nf3 f5 2. e4 fxe4 3. Ng5 Nf6 4. d3 e5 5. dxe4 c6 6. Be2 d5 7. exd5 cxd5 8.
O-O Bc5 9. Nc3 Nc6 10. Bh5+ g6 11. Bf3 e4 12. Be2 O-O 13. Na4 Bd6 14. c4 d4 15.
c5 Bc7 16. Bc4+ Kg7 17. Qd2 e3 18. fxe3 Ng4 19. exd4 Bxh2+ 20. Kh1 Rxf1+ 21.
Bxf1 Qxd4 22. Qxd4+ Nxd4 23. Bd2 Nf5 24. g3 Bxg3 25. Kg2 Bc7 26. Re1 Ngh6 27.
Bc3+ Kf8 28. Nxh7+ Kg8 29. Nf6+ Kf8 30. Re8+ Kf7 31. Bc4+ 1-0

[Event "I Torneo Scheveningen"]
[Site "Vanzaghello ITA"]
[Date "1997.06.??"]
[Round "2"]
[White "Pace, Roberto"]
[Black "Barlocco, Carlo"]
[Result "1/2-1/2"]
[WhiteElo "1887"]
[BlackElo "2150"]
[PlyCount "53"]
[EventDate "1997.06.06"]

1. e4 d5 2. Nc3 Nf6 3. e5 d4 4. exf6 dxc3 5. fxg7 cxd2+ 6. Bxd2 Bxg7 7. Qc1 Qd4
8. Nf3 Qxb2 9. Qxb2 Bxb2 10. Rb1 Bg7 11. Bc4 O-O 12. O-O Nd7 13. Rfe1 Nb6 14.
Bd3 Re8 15. Bg5 Be6 16. a4 Bc3 17. Re2 Ba2 18. Rb5 c6 19. Rf5 Nxa4 20. Bh6 f6
21. Rf4 b5 22. Rg4+ Kh8 23. Rg7 Nc5 24. Rxh7+ Kg8 25. Rg7+ Kh8 26. Rh7+ Kg8 27.
Rg7+ 1/2-1/2

[Event "I Torneo Scheveningen"]
[Site "Vanzaghello ITA"]
[Date "1997.06.??"]
[Round "3"]
[White "Barlocco, Carlo"]
[Black "Ottolini, Graziano"]
[Result "0-1"]
[WhiteElo "2150"]
[BlackElo "1767"]
[PlyCount "76"]
[EventDate "1997.06.06"]

1. d4 g6 2. c3 d5 3. Nd2 Nf6 4. Ngf3 Bg7 5. Ne5 O-O 6. f4 Nbd7 7. e3 c5 8. Bd3
c4 9. Bc2 Nxe5 10. fxe5 Ng4 11. Nf3 f6 12. h3 fxe5 13. hxg4 Bxg4 14. Qe2 e4 15.
Bxe4 dxe4 16. Qxc4+ e6 17. Nd2 Rc8 18. Qb3 Qd5 19. Qxd5 exd5 20. c4 dxc4 21.
Nxe4 Bxd4 22. Nf2 c3 23. O-O cxb2 24. Bxb2 Bxb2 25. Rab1 Be2 26. Rxb2 Bxf1 27.
Kxf1 Rc1+ 28. Ke2 Rg1 29. g4 Rg2 30. Kf1 Rfxf2+ 31. Rxf2 Rxf2+ 32. Kxf2 Kf7 33.
g5 Ke6 34. e4 b5 35. Ke3 Ke5 36. Kd3 a5 37. Ke3 b4 38. Kd3 a4 0-1

[Event "I Torneo Scheveningen"]
[Site "Vanzaghello ITA"]
[Date "1997.06.??"]
[Round "3"]
[White "Dorighet, Claudio"]
[Black "Lanzani, Giuliano"]
[Result "1-0"]
[WhiteElo "2090"]
[BlackElo "1746"]
[PlyCount "59"]
[EventDate "1997.06.06"]

1. c4 f5 2. Nc3 Nf6 3. g3 g6 4. Bg2 Bg7 5. e3 O-O 6. Nge2 d6 7. O-O Nc6 8. Rb1
e5 9. d4 a5 10. a3 Ne7 11. Nd5 Nfxd5 12. cxd5 e4 13. f3 exf3 14. Bxf3 Kh8 15.
Qb3 Ng8 16. Bd2 Nf6 17. Rbc1 Ne4 18. Bxe4 fxe4 19. Nf4 Bg4 20. Ne6 Bxe6 21.
dxe6 Rxf1+ 22. Rxf1 b6 23. Qd5 Rc8 24. Rf7 Qe8 25. Qxe4 Qa4 26. Qf3 Kg8 27. Bc3
d5 28. Qxd5 Re8 29. Qf3 Rxe6 30. Rxg7+ 1-0

[Event "I Torneo Scheveningen"]
[Site "Vanzaghello ITA"]
[Date "1997.06.??"]
[Round "3"]
[White "Sgnaolin, Davide"]
[Black "Nicolo', Filippo"]
[Result "1/2-1/2"]
[WhiteElo "2065"]
[BlackElo "1830"]
[PlyCount "31"]
[EventDate "1997.06.06"]

1. e4 e6 2. d4 d5 3. Nc3 Nf6 4. Bg5 Be7 5. e5 Nfd7 6. Bxe7 Qxe7 7. f4 a6 8. Nf3
c5 9. Be2 Nc6 10. Qd2 O-O 11. O-O cxd4 12. Nxd4 Qc5 13. Rad1 f6 14. exf6 Nxf6
15. Kh1 Bd7 16. Bf3 1/2-1/2

[Event "I Torneo Scheveningen"]
[Site "Vanzaghello ITA"]
[Date "1997.06.??"]
[Round "4"]
[White "Lanzani, Giuliano"]
[Black "Barlocco, Carlo"]
[Result "0-1"]
[WhiteElo "1746"]
[BlackElo "2150"]
[PlyCount "56"]
[EventDate "1997.06.06"]

1. e4 c5 2. Nf3 Nc6 3. Bb5 d6 4. d4 cxd4 5. Qxd4 Qd7 6. Bxc6 Qxc6 7. c4 b5 8.
Qd5 Bb7 9. Qxb5 Qxb5 10. cxb5 Bxe4 11. Nc3 Nf6 12. Nxe4 Nxe4 13. Be3 g6 14. O-O
Bg7 15. Rab1 O-O 16. Rfc1 Rfb8 17. a4 Rb7 18. Nd4 Bxd4 19. Bxd4 Nd2 20. b4 Nxb1
21. Rxb1 e5 22. Be3 f5 23. f4 Kf7 24. Kf2 Rc8 25. fxe5 Rc2+ 26. Kf3 dxe5 27. a5
Rxb5 28. Bxa7 Rc4 0-1

[Event "I Torneo Scheveningen"]
[Site "Vanzaghello ITA"]
[Date "1997.06.??"]
[Round "4"]
[White "Nicolo', Filippo"]
[Black "Dorighet, Claudio"]
[Result "1-0"]
[WhiteElo "1830"]
[BlackElo "2090"]
[PlyCount "89"]
[EventDate "1997.06.06"]

1. e4 c5 2. Nf3 d6 3. d4 cxd4 4. Nxd4 Nf6 5. Nc3 g6 6. Be3 Bg7 7. f3 Nc6 8. Qd2
O-O 9. Bc4 Bd7 10. Bb3 Qa5 11. O-O-O Rfc8 12. Kb1 Ne5 13. Qe2 a6 14. g4 b5 15.
g5 Ne8 16. Nd5 Qd8 17. f4 Bg4 18. Qg2 Bxd1 19. fxe5 dxe5 20. Nf5 Bxc2+ 21. Bxc2
gxf5 22. exf5 Rxc2 23. Kxc2 Qc8+ 24. Kb1 Qxf5+ 25. Ka1 Qe6 26. Nxe7+ Qxe7 27.
Qxa8 e4 28. Rc1 Qe5 29. Bd4 Qxd4 30. Qxe8+ Bf8 31. Re1 Qd2 32. Qxe4 Qxg5 33.
Qd4 Bc5 34. Re8+ Bf8 35. a3 a5 36. h4 Qc1+ 37. Ka2 h5 38. Re5 Bg7 39. Qd8+ Bf8
40. Rg5+ Kh7 41. Rxh5+ Kg6 42. Rg5+ Kh7 43. Rh5+ Bh6 44. Qd3+ Kg8 45. Rxb5 1-0

[Event "I Torneo Scheveningen"]
[Site "Vanzaghello ITA"]
[Date "1997.06.??"]
[Round "4"]
[White "Ottolini, Graziano"]
[Black "Lanzani, Mario"]
[Result "0-1"]
[WhiteElo "1767"]
[BlackElo "2370"]
[PlyCount "64"]
[EventDate "1997.06.06"]

1. Nf3 Nf6 2. g3 g6 3. b4 Bg7 4. Bb2 O-O 5. Bg2 d6 6. d4 Nbd7 7. O-O e5 8. dxe5
Ng4 9. Nbd2 Ngxe5 10. Nxe5 Nxe5 11. Rb1 Be6 12. c4 c6 13. h3 d5 14. cxd5 Bxd5
15. Bxd5 Qxd5 16. Nb3 Qc4 17. a3 Rad8 18. Qe1 Rfe8 19. Bxe5 Rxe5 20. e3 Rh5 21.
Kg2 Qe4+ 22. f3 Qe6 23. Rh1 Rhd5 24. Rf1 Rd3 25. Nc5 Rd2+ 26. Rf2 Qa2 27. Ne4
Rxf2+ 28. Nxf2 Qxa3 29. Ne4 Qa2+ 30. Kg1 f5 31. Nf2 Rd2 32. Rc1 Re2 0-1

[Event "XII Festival A"]
[Site "Bolzano - Bozen ITA"]
[Date "1997.06.??"]
[Round "?"]
[White "Arlandi, Ennio"]
[Black "Crea, Vincenzo"]
[Result "1/2-1/2"]
[WhiteElo "2470"]
[BlackElo "2160"]
[PlyCount "68"]
[EventDate "1997.06.14"]

1. Nf3 d5 2. d4 c6 3. c4 Nf6 4. Nc3 a6 5. cxd5 cxd5 6. Bf4 Nc6 7. Rc1 e6 8. e3
Be7 9. Bd3 Bd7 10. Ne5 Rc8 11. O-O O-O 12. Kh1 Be8 13. g4 Nxe5 14. dxe5 Nd7 15.
g5 g6 16. h4 Nc5 17. Bb1 Bc6 18. Kh2 Qb6 19. Kg3 Rfd8 20. h5 Bf8 21. Rh1 Bg7
22. f3 Nd7 23. hxg6 hxg6 24. Qg1 Nxe5 25. Qh2 Nc4 26. Ne4 dxe4 27. Rxc4 e5 28.
Qh7+ Kf8 29. Qxg7+ Kxg7 30. Bxe5+ f6 31. Bxf6+ Kf7 32. Rh7+ Kg8 33. Rh8+ Kf7
34. Rh7+ Kg8 1/2-1/2

[Event "XII Festival A"]
[Site "Bolzano - Bozen ITA"]
[Date "1997.06.??"]
[Round "?"]
[White "Astengo, Marcello"]
[Black "Gatterer, Florian"]
[Result "0-1"]
[WhiteElo "2065"]
[BlackElo "1783"]
[PlyCount "98"]
[EventDate "1997.06.14"]

1. d4 Nf6 2. c4 g6 3. d5 Bg7 4. Nc3 O-O 5. e4 d6 6. Be2 Na6 7. Bg5 Nc5 8. f3 c6
9. Rc1 cxd5 10. cxd5 Qb6 11. Qd2 Bd7 12. Be3 Rfc8 13. Bd1 Qxb2 14. Bc2 Na6 15.
Nge2 Nb4 16. O-O Ne8 17. Bb1 Qxd2 18. Bxd2 Na6 19. Be3 Nc5 20. Bg5 Kf8 21. h3
Nc7 22. f4 Nb5 23. f5 Nxc3 24. Nxc3 Na6 25. e5 Bxe5 26. fxg6 hxg6 27. Bxg6 f6
28. Bh6+ Kg8 29. Ne2 b6 30. Bd2 Bb5 31. Rfe1 Rxc1 32. Nxc1 Bc4 33. Bd3 Rc8 34.
Re4 Bxd3 35. Nxd3 Rc2 36. Nxe5 dxe5 37. Ra4 Nc5 38. Rg4+ Kf7 39. Bh6 Rxa2 40.
Rg7+ Ke8 41. h4 Ra1+ 42. Kh2 Rd1 43. Rg8+ Kd7 44. Bf8 Rxd5 45. h5 e4 46. h6 e3
47. Rg3 Ne6 48. Bg7 e2 49. Re3 Rh5+ 0-1